Giáo trình ngữ văn Hán Nôm
Trình bày các loại thể và biện pháp tu từ văn bản Hán nôm, các vấn đề trong chữ Nôm, vấn đề cấu trúc của chữ Nôm và các bài tập ứng dụng
Salvato in:
| Autore principale: | |
|---|---|
| Natura: | Libro |
| Lingua: | Undetermined |
| Pubblicazione: |
Hà Nội
Đại học sư phạm Hà Nội
2004
|
| Soggetti: | |
| Tags: |
Aggiungi Tag
Nessun Tag, puoi essere il primo ad aggiungerne! !
|
| Thư viện lưu trữ: | Trung tâm Học liệu Trường Đại học Cần Thơ |
|---|
| LEADER | 00876nam a2200229Ia 4500 | ||
|---|---|---|---|
| 001 | CTU_96638 | ||
| 008 | 210402s9999 xx 000 0 und d | ||
| 020 | |c 32000 | ||
| 082 | |a 495.1 | ||
| 082 | |b S309/T.1 | ||
| 100 | |a Đặng, Đức Siêu | ||
| 245 | 0 | |a Giáo trình ngữ văn Hán Nôm | |
| 245 | 0 | |c Đặng Đức Siêu | |
| 260 | |a Hà Nội | ||
| 260 | |b Đại học sư phạm Hà Nội | ||
| 260 | |c 2004 | ||
| 520 | |a Trình bày các loại thể và biện pháp tu từ văn bản Hán nôm, các vấn đề trong chữ Nôm, vấn đề cấu trúc của chữ Nôm và các bài tập ứng dụng | ||
| 526 | |a Văn bản Hán văn Trung Quốc | ||
| 526 | |b SG377 | ||
| 650 | |a Chinese language | ||
| 904 | |i Tuyến | ||
| 980 | |a Trung tâm Học liệu Trường Đại học Cần Thơ | ||